Tout les transferts du Real Madrid depuis 2000 - Statistiques

Statistiques générales
  • Ce quiz a été pris 80 fois
  • Le résultat moyen est 62 sur 112
Statistiques - réponses
Nationalité Prix Club de
Provenance
Année Matchs
Joués
Buts Poste Joueur % Correct
Portugal €60.00m FC Barcelone 2000 245 58 MOCaillier Luis Figo
93%
Portugal €94.00m Manchester United 2009 438 450 AT Cristiano Ronaldo
91%
France €0 Paris SG 2024 56 43 AT Kylian Mbappé
91%
Bresil €45.00m Inter Milan 2002 177 104 AT Ronaldo
91%
Belgique €35.00m Chelsea 2018 282 0 Gardien Thibault Courtois
90%
France €80.00m AS Monaco 2022 140 5 MDC Aurelien Tchouameni
89%
France €31.00m Stade Rennais FC 2021 180 4 MC Eduardo Camavinga
89%
Costa Rica €10.00m Levante UD 2014 162 0 Gardien Keylor Navas
89%
Croatie €35.00m Tottenham 2012 591 43 MC Luka Modric
89%
Allemagne €0 Chelsea FC 2022 151 7 DC Antonio Rudiger
87%
Belgique €120.80m Chelsea FC 2019 76 7 AG Eden Hazard
87%
France €48.00m Olympique Lyonnais 2019 201 6 DG Ferland Mendy
87%
Pays de Galles €101.00m Tottenham 2013 258 106 AT Gareth Bale
87%
Bresil €45.00m Flamengo FC 2018 316 105 AG Vinicius
87%
Autriche €0 Bayern Munich 2021 116 5 DC David Alaba
86%
Angleterre €113.00m Borussia Dortmund 2023 94 37 MC Jude Bellingham
86%
Allemagne €25.00m Bayern Munich 2014 465 28 MC Toni Kroos
86%
Espagne €6.50m Bayer Leverkusen 2013 427 14 DD Daniel Carvajal
84%
Bresil €47.50m Palmeiras 2024 37 7 AT Endrick
84%
France €35.00m Olympique Lyonnais 2009 648 354 AT Karim Benzema
84%
France €77.50m Juventus FC 2001 227 49 MOC Zinedine Zidane
84%
France Prêt Paris SG 2019 9 0 Gardien Alphonse Areola
83%
Turquie €20.00m Fenerbahce SK 2023 55 11 MOC Arda Güler
83%
Bresil €6.00m Sao Paulo FC 2013 336 31 MDC Casemiro
83%
Espagne €6.00m Espanyol Barcelone 2015 43 0 Gardien Kiko Casilla
83%
Bresil €45.00m Santos FC 2019 267 68 AT Rodrygo
83%
Espagne €27.00m FC Seville 2005 671 101 DC Sergio Ramos
83%
Bresil €6.50m Fluminense FC 2007 546 38 DG Marcelo
81%
Norvège €4.00m Stromsgodset IF 2015 11 0 MOC Martin Odegaard
81%
Mexique Prêt Manchester United 2014 33 9 AT Javier Hernandez
80%
France €11.00m RC Lens 2011 360 17 DC Raphaël Varane
80%
France €24.00m Atletico Madrid 2017 23 0 DG Theo Hernandez
80%
Maroc €17.00m Manchester City 2019 117 20 MOC Brahim Diaz
79%
Bresil €50.00m FC Porto 2019 172 12 DC Eder Militao
79%
Colombie €75.00m AS Monaco 2014 125 37 MOC James Rodriguez
79%
Bresil €67.00m AC Milan 2009 120 29 MOC Kaka
79%
Espagne €30.00m Juventus FC 2016 95 31 AT Alvaro Morata
77%
Argentine €33.00m SL Benfica 2010 190 36 AD Angel Di Maria
77%
Espagne €30.00m Malaga CF 2013 353 53 MOC Isco
77%
Serbie €63.00m Eintracht Francfort 2019 51 3 AT Luka Jovic
77%
Ukraine €8.50m Zorya Luhansk 2018 62 0 Gardien Andriy Lunin
76%
Angleterre €37.50m Manchester United 2003 159 20 MOC David Beckham
76%
République Dominicaine €21.50m Olympique Lyonnais 2018 84 12 AT Mariano DIaz
76%
Croatie €38.00m Inter Milan 2015 109 3 MC Mateo Kovacic
76%
France €14.00m Celta Vigo 2000 150 10 MDC Claude Makélélé
74%
Portugal €30.00m FC Porto 2007 334 15 DC Pepe
74%
Espagne Prêt Espanyol Barcelone 2023 51 20 AT Joselu
71%
France €20.00m Portsmouth FC 2009 116 1 MDC Lassana Diarra
71%
Mali €26.00m Olympique Lyonnais 2006 125 4 MDC Mahamadou Diarra
70%
Japon €0 FC Tokyo 2019 0 0 MOC Takefusa Kubo
70%
Espagne €34.50m Liverpool FC 2009 236 6 MDC Xabi Alonso
70%
Ghana Prêt Chelsea FC 2012 35 2 MC Michael Essien
67%
Portugal €30.00m SL Benfica 2011 106 1 DG Fabio Coentrao
66%
Espagne €5.00m Rayo Vallecano 2023 80 1 DG Fran Garcia
66%
Espagne €1.00m Espanyol Barcelone 2015 400 38 AD Lucas Vazquez
66%
Togo Prêt Manchester City 2011 22 8 AC Emmanuel Adebayor
63%
Espagne Prêt Chelsea FC 2023 20 0 Gardien Kepa Arrizabalaga
63%
Allemagne €18.00m Werder Breme 2010 159 27 MOC Mesut Ozil
63%
Pays-Bas €35.00m Chelsea FC 2007 86 22 AD Arjen Robben
61%
Allemagne €14.00m VFB Stuttgart 2010 161 9 MC Sami Khedira
61%
Espagne €3.90m RCD Majorque 2015 286 61 MOC Marco Asensio
60%
Argentine €12.00m CA River Plate 2007 264 121 AC Gonzalo Higuain
56%
Espagne €4.00m CA Osasuna 2008 33 0 DC Javi Garcia
56%
Uruguay €4.00m CA Osasuna 2005 28 0 MDC Pablo Garcia
56%
Portugal €8.00m Chelsea FC 2010 77 3 DC Ricardo Carvalho
56%
Espagne €32.00m Real Sociedad 2013 90 3 MC Asier Illarramendi
54%
Espagne €16.50m Real Betis 2017 188 7 MC Dani Ceballos
54%
Pays-Bas €15.00m Manchester United 2006 96 64 AT Ruud Van Nistelrooy
53%
Bresil €31.50m FC Porto 2015 56 3 DD Danilo
51%
Angleterre €12.00m Liverpool FC 2004 45 16 AT Michael Owen
50%
Espagne €3.50m FC Seville 2013 73 0 Gardien Diego Lopez
47%
Espagne €5.00m Real Zaragoza 2015 35 1 DC Jesus Vallejo
47%
Pays-Bas €27.00m Ajax Amsterdam 2007 66 11 MOC Wesley Sneijder
47%
Espagne €4.00m Liverpool FC 2009 242 6 DD Alvaro Arbeloa
43%
Espagne €32.00m Real Sociedad 2018 49 3 DD Alvaro Odriozola
43%
Italie €7.00m Juventus FC 2006 106 1 DC Fabio Cannavaro
43%
France Prêt West Ham United 2009 2 0 MD Julien Faubert
43%
Turquie €10.00m Borussia Dortmund 2011 10 1 MC Nuri Sahin
41%
Bresil €30.00m Flamengo FC 2020 0 0 MOC Reinier
41%
Pays-Bas €27.00m Ajax Amsterdam 2009 20 8 AC Klaas-Jan Huntelaar
40%
Pays-Bas €15.00m Hambourg SV 2008 73 12 MOC Rafael Van der Vaart
37%
Turquie €0 Bayern Munich 2011 12 1 MD Hamit Altintop
34%
Pologne €0 Liverpool FC 2007 12 0 Gardien Jerzy Dudek
34%
Argentine €12.00m Manchester United 2007 60 3 DG Gabriel Heinze
33%
Bresil €24.00m Santos FC 2005 137 35 AT Robinho
33%
Bresil €13.00m Cruzeiro EC 2015 9 0 MC Lucas Silva
31%
Espagne €15.00m Valence CF 2009 118 2 DC Raul Albiol
31%
Argentine €20.50m CA Boca Juniors 2007 121 1 MDC Fernando Gago
21%
Argentine €0 FC Barcelone 2007 31 5 AC Javier Saviola
20%
Espagne €5.00m Espanyol Barcelone 2011 77 20 AT José Callejon
20%
Argentine €10.00m Racing Santander 2008 31 1 DC Ezequiel Garay
19%
Pays-Bas €14.00m Feyenoord SC 2007 65 4 MC Royston Drenthe
19%
Espagne €6.25m Real Valladolid 2000 59 0 Gardien Cesar Sanchez
17%
Espagne Prêt Arsenal FC 2006 38 7 MOC José Antonio Reyes
16%
Espagne €4.00m Getafe CF 2009 96 5 MC Esteban Granero
14%
Argentine €25.00m AS Rome 2004 40 2 DC Walter Samuel
14%
Allemagne €0 Borussia Dortmund 2007 31 0 DC Christoph Metzelder
13%
Angleterre €18.50m Newcastle United 2004 14 1 DC Jonathan Woodgate
13%
Danemark €3.40m Everton FC 2005 49 1 MDC Thomas Gravesen
13%
Italie €5.50m AS Rome 2006 29 4 MOC Antonio Cassano
11%
Bresil €20.00m FC Seville 2005 76 13 MOC Julio Baptista
11%
Espagne €4.70m Getafe CF 2008 27 3 MC Ruben de la Red
10%
Argentine €3.50m Atletico Madrid 2000 208 22 MG Santiago Solari
9%
Espagne €5.00m UD Almeria 2009 0 0 AT Alvaro Negredo
7%
Bresil €4.00m Sao Paulo FC 2006 33 3 DD Cicinho
7%
Bresil €16.00m Juventus FC 2006 34 1 MDC Emerson
7%
Espagne €6.00m Racing Santander 2010 15 0 MOC Sergio Canales
7%
Espagne €10.00m Getafe CF 2010 14 2 AD Pedro Leon
6%
Espagne €0 Celta Vigo 2000 56 1 MC Albert Celades
3%
Bresil €14.00m Deportivo la Corogne 2000 65 1 MC Flavio Conceiçao
3%
Espagne €13.20m Racing Santander 2000 81 9 AT Pedro Munitis
3%
Uruguay €5.00m River Plate 2005 21 0 DD Carlos Diogo
0%
Aucun quiz correspondant
Distribution des résultats
% des personnes avec chaque résultat
Percentile par nombre de réponses
Votre historique - résultats
Vous n’avez pas pris ce quiz